Państwa byłego ZSRR - Statystyki

Ogólne statystyki
  • Ten quiz został rozwiązany 410 razy
  • Średni wynik to 13 z 15
Statystyki odpowiedzi
Państwo % Poprawnych
Litwa
97%
Łotwa
97%
Ukraina
96%
Estonia
95%
Białoruś
94%
Kazachstan
93%
Rosja
89%
Gruzja
84%
Uzbekistan
83%
Armenia
82%
Azerbejdżan
81%
Kirgistan
80%
Tadżykistan
80%
Turkmenistan
78%
Mołdawia
76%
Nie znaleziono quizów pasujących do podanych kryteriów
Rozkład punktacji
Procent ludzi z każdym wynikiem
Percentyl według liczby udzielonych odpowiedzi
Twoja historia wyników
Nie rozwiązałeś tego quizu